Integrated pharmacology/ (Record no. 118234)

MARC details
000 -LEADER
fixed length control field 00709nam a2200253 a 4500
008 - FIXED-LENGTH DATA ELEMENTS--GENERAL INFORMATION
fixed length control field
020 ## - INTERNATIONAL STANDARD BOOK NUMBER
International Standard Book Number 97780323040808 (pbk.)
049 ## - LOCAL HOLDINGS (OCLC)
Holding library MAIN
090 ## - LOCALLY ASSIGNED LC-TYPE CALL NUMBER (OCLC); LOCAL CALL NUMBER (RLIN)
Classification number (OCLC) (R) ; Classification number, CALL (RLIN) (NR) RM300
Local cutter number (OCLC) ; Book number/undivided call number, CALL (RLIN) CLI.
003 - CONTROL NUMBER IDENTIFIER
control field
005 - DATE AND TIME OF LATEST TRANSACTION
control field 20230120204147.0
040 ## - CATALOGING SOURCE
Transcribing agency NUST
100 1# - MAIN ENTRY--PERSONAL NAME
Personal name Page, Clive.
245 10 - TITLE STATEMENT
Title Integrated pharmacology/
Statement of responsibility, etc. Clive Page, Michael Curtis, Michael Walker and Brian Hoffman
300 ## - PHYSICAL DESCRIPTION
Extent 3rd. ed.
300 ## - PHYSICAL DESCRIPTION
Extent viii, 675p ;
Other physical details col. ill. ;
Dimensions 29cm.
500 ## - GENERAL NOTE
General note Includes index.
650 ## - SUBJECT ADDED ENTRY--TOPICAL TERM
Topical term or geographic name entry element Pharmacology.
700 ## - ADDED ENTRY--PERSONAL NAME
Personal name Hoffman, Brian.
700 ## - ADDED ENTRY--PERSONAL NAME
Personal name Walker, Michael.
700 ## - ADDED ENTRY--PERSONAL NAME
Personal name Page, Michael.
907 ## - LOCAL DATA ELEMENT G, LDG (RLIN)
a .b10288478
b 26-02-15
c 07-12-10
942 ## - ADDED ENTRY ELEMENTS (KOHA)
Koha item type Ordinary Loan Books
Call number prefix RM300
Call number suffix CLI.
Holdings
Date last seen Total Checkouts Full call number Barcode Cost, replacement price Price effective from Koha item type Lost status Source of classification or shelving scheme Damaged status Not for loan Collection Withdrawn status Home library Current library Shelving location Date acquired Cost, normal purchase price
01/20/2023 2 RM300 PAG 92004014165 80.00 01/20/2023 BOOKS   LCC     NFIC   Medical Medical GEN 01/20/2023 80.00